01673cam a2200409 i 45000010008000000030009000080050017000170070003000340080034000370150006000710170009000770200018000860350006001040400031001100800006001410820027001471000057001742450176002312500012004072640049004193000027004683360027004953370035005223380030005575000074005875040033006615050212006946500026009066500037009326500037009696500025010067000037010317000049010687000031011177000044011487100071011920000656DO-SdBPM20260427134053.0ta100514s 2006 dr | 000 f spa  a  a b  a9788476662120 a  aDO-SdBPMbspacBPMSUe rda a 04a372.41bP257s 20062221 a Peralta Espinos, María Víctoriaeautora4aut. 10aAprendiendo a educar mejor a niños y niños pequeños /c María Víctoria Peralta Espinosa y Mónica Manhey Moreno, Patricia Sarlé, Marien Paggy Martínez Stark a2a. ed. aSanto Domingo :bINAFOCAM ; bINAIPI, c2006 avs. páginas ;c24 cm atextobtxt2rdacontent asin mediación bn2rdamedia  avolumen bnc2rdacarrier  aIncluye referencias bibliográficas y notas al pie de las páginas  aBibliografía páginas 35 0 av.5 : Las niñas y los niños necesitan experiencias de aprendizaje planificada y evaluadas -- v. 6 : Las niñas y los niños se comunican -- v. 8 : Yo juego, tú juegas ... todos jugamos muchos juegos. 4a Métodos de estudio 7aEscritura xEnseñanza primaria 7aLectura y escrituraxEnseñanza 7xPsicolingüística1 aManhey Moreno, Mónica eautora1 aPeralta Espinosa María Víctoria eautora1 aSarlé, Patricia eautora1 aMartínez Peggy, Marien Peggy eautora2 aInstituto Nacional de Formación y Capacitación del Magisterio